000 00456nam a22001817a 4500
003 MPLRDC
005 20220104144244.0
008 210129b ||||| |||| 00| 0 eng d
020 _a957-459-594-3
082 _a857.62 LBL-8 v.1
100 _a莫理斯.勒布朗
245 _a侠盗与侦探
_c
250 _a初版
260 _a
_b侦查馆华文股份有限公司
_c2002
300 _b
650 _a推理小说
942 _cBK
_o857.62 LBL-8 v.1
999 _c47869
_d47859